000
00343nam a2200157Ia 4500
003
OSt
005
20240203144134.0
008
170524s9999 xx 000 0 und d
020
_a
8178220148
040
_c
IIMT
100
_a
Thompson- Dennis
245
4
_a
The Ayurvedic Diet
260
_b
New age Books
260
_c
1999
942
_2
ddc
_c
02
999
_c
6398
_d
6398